[Event "ROM-ch U10"]
[Site "Calimanesti"]
[Date "2015.04.03"]
[Round "6"]
[White "Musca, Paul Constantin Cal"]
[Black "Porojan, Victor Andrei"]
[Result "1-0"]
[WhiteElo "1251"]
[BlackElo "1001"]
[PlyCount "91"]
[EventDate "2015.03.30"]
[EventType "swiss"]
[EventRounds "9"]
[EventCountry "ROU"]
[SourceTitle "CBM 165 Extra"]
[Source "ChessBase"]
[SourceDate "2015.04.21"]
[SourceVersion "1"]
[SourceVersionDate "2015.04.21"]
[SourceQuality "1"]

1. e4 c6 2. Nc3 d5 3. exd5 cxd5 4. d4 Nf6 5. Nf3 Bf5 6. Be2 e6 7. Bb5+ Nc6 8. Ne5 Rc8 9. 0-0 Bd6 10. Bg5 a6 11. Bxc6+ bxc6 12. Re1 0-0 13. Bxf6 gxf6 14. Nd3 Bxd3 15. Qxd3 f5 16. Qxa6 Qh4 17. g3 Qxd4 18. Qd3 Bc5 19. Re3 Rfe8 20. Qxd4 Bxd4 21. Rd3 Bb6 22. Na4 Rb8 23. Nxb6 Rxb6 24. Rb3 Reb8 25. Rd1 Rxb3 26. cxb3 Ra8 27. a3 Rb8 28. b4 c5 29. bxc5 Rxb2 30. Rc1 d4 31. c6 d3 32. c7 Kg7 33. c8Q d2 34. Qc3+ Kg6 35. Qxb2 dxc1Q+ 36. Qxc1 h5 37. a4 Kf6 38. a5 Ke7 39. a6 Kd7 40. a7 Kd6 41. a8Q Ke7 42. Qc7+ Kf6 43. Qab8 Kg7 44. Qe5+ Kh7 45. Qbh8+ Kg6 46. Qeg7# 1-0